| 000 | 00386pab a2200145 454500 | ||
|---|---|---|---|
| 008 | 180718b1988 xxu||||| |||| 00| 0 eng d | ||
| 100 | _aParanjape, H.K. | ||
| 245 | _aSocialism in one state? - what should a left - oriented state government do? | ||
| 260 | _c1988 | ||
| 300 | _a29-39 | ||
| 362 | _aIndependence Day Number | ||
| 650 | _aSocialism | ||
| 773 | _aJanata | ||
| 909 | _a18394 | ||
| 999 |
_c18394 _d18394 |
||